000 00646nam a2200181 4500
001 4878
005 20181127174325.0
090 0 0 _aBA Pol. Sci No. 24
245 0 0 _aSino-Bhutan relationships /
_b
_cStudent Work.
_h
260 0 0 _a[Thimphu] :
_b[Royal Thimphu College],
_c2014.
300 _av pages.
_b
_c
_e
500 _aStudent research project for BA Pol Sic :(Spring 2014); Dolma Roder, lecturer
500 0 0 _aSpiral-bound xerographic copy.
650 _aBhutan --Foreign relations --China.
_v
_x
_y
_z
_2
650 _aCapstone Project.
_v
_x
_y
_z
_2
650 _aChina --Foreign relations --Bhutan.
_v
_x
_y
_z
_2
650 _aDiplomatic relations
_v
_x
_y
_z
_2
999 _c4057
_d4057